000 00899nam a2200253 i 4500
001 bg
100 1 _aTarnogrodzki, Antoni.
245 1 0 _aDynamika gazów :
_bprzepływy jednowymiarowe i fale proste /
_cAntoni Tarnogrodzki.
260 _aWarszawa :
_bWydawnictwa Komunikacji i Łączności,
_c2003.
300 _a166 s. :
_bil. ;
_c25 cm.
504 _aBibliogr. s. 161. Indeks.
521 8 _aDla studentów wydziaów mechanicznych, lotniczych, mechaniczno-energetycznych, budowy i eksploatacji maszyn oraz inżynierii środowiska wyższych uczelni technicznych i rolniczych.
546 _aSpis treści także ang.
650 9 _aGazy
_xdynamika
655 _aPodręczniki akademickie
020 _a8320614988
040 _cBPK
041 0 _apol
_beng
044 _aPOL
080 _a533.6(075.8)
920 _a83-206-1498-8
942 _cKS
008 090715s2003 pl a |001 0 pol
999 _c56506
_d56506
856 _uhttp://koha.tu.koszalin.pl/cgi-bin/koha/opac-detail.pl?biblionumber=56506
_yKatalog online BPK